=LDR 00000nam 2200000 4500 =001 INLIS000000000014445 =005 20130612105726 =008 ***********************************Ind** =035 ##$$0010-061300000014445 =041 ##$$a Ind =082 ##$$a 613.5 =090 ##$$a 613.5, Buk =245 ##$$a Buku kuliah ilmu kesehatan Anak 3, Editor Rusepno Hasan, Husein Alatas =260 ##$$a 2000 $b Jakarta =300 ##$$a xi, 361 hlm, Il, 23 cm =650 ##$$a Ilmu Kesehatan =700 ##$$a Husein Alatas =850 ##$$a NBPNMAT